Discrete Mathematical Structures With Applications to Computer Science (Record no. 1391)

MARC details
000 -LEADER
Fixed length control field 00507nam a2200169 4500
003 - CONTROL NUMBER IDENTIFIER
Control field SEACOMEC
005 - DATE AND TIME OF LATEST TRANSACTION
Control field 20240703113018.0
008 - FIXED-LENGTH DATA ELEMENTS--GENERAL INFORMATION
Fixed length control field 240703b |||||||| |||| 00| 0 eng d
020 ## - INTERNATIONAL STANDARD BOOK NUMBER / ISBN
International Standard Book Number 9780074631133
Price Rs.285.00
040 ## - CATALOGING SOURCE
Original cataloging agency SEACOMEC
082 ## - DEWEY DECIMAL CLASSIFICATION NUMBER
Classification number 511.1
Book Number T789
100 ## - MAIN ENTRY--PERSONAL NAME
Personal name Tremblay, J. P
245 1# - TITLE STATEMENT
Title Discrete Mathematical Structures With Applications to Computer Science
Statement of responsibility J. P Tremblay,R Manohar
260 ## - IMPRINT
Place of publication New Delhi
Name of publisher Tata McGraw Hill
Date of publication 2006
650 ## - SUBJECT ADDED ENTRY--TOPICAL TERM
Topical term Discrete Mathematics
942 ## - ADDED ENTRY ELEMENTS (KOHA)
Koha item type Books
Holdings
Withdrawn status Lost status Source of classification Damaged status Not for loan Home library Current library Date acquired Total Checkouts Call number Accession number Date last seen Price effective from Koha item type Copy number
    Dewey Decimal Classification     SEACOM ENGINEERING COLLEGE SEACOM ENGINEERING COLLEGE 26/03/2008   511.1 T789 10278 03/07/2024 03/07/2024 Books  
    Dewey Decimal Classification     SEACOM ENGINEERING COLLEGE SEACOM ENGINEERING COLLEGE 26/03/2008   511.1 T789 10279 03/07/2024 03/07/2024 Books 1
    Dewey Decimal Classification     SEACOM ENGINEERING COLLEGE SEACOM ENGINEERING COLLEGE 26/03/2008   511.1 T789 10280 03/07/2024 03/07/2024 Books 2
    Dewey Decimal Classification     SEACOM ENGINEERING COLLEGE SEACOM ENGINEERING COLLEGE 26/03/2008   511.1 T789 10281 03/07/2024 03/07/2024 Books 3
© Seacom Engineering College, All rights reserved.      Powered by Koha